TV Show by the Image (Super Original) - Statistics

General Stats
  • This quiz has been taken 27 times
  • The average score is 8 of 16
Answer Stats
Picture Answer % Correct
Ted
100%
Phineas and Ferb
96%
Adventure Time
84%
Peaky Blinders
84%
Better Call Saul
72%
Gravity Falls
60%
Invincible
56%
Regular Show
56%
Bananas in Pyjamas
48%
Octonauts
48%
The Boys
48%
Total Drama Island
44%
Sonic Boom
20%
Bottletop Bill
12%
Dragons: Race to the Edge
8%
The WotWots
8%
No matching quizzes found
Score Distribution
Percent of People with Each Score
Percentile by Number Answered
Your Score History
You have not taken this quiz